[Event "Moscow op-E"]
[Site "Moscow"]
[Date "2011.02.04"]
[Round "7.175"]
[White "Ponomarenko, Valery"]
[Black "Gulgonov, Danzan"]
[Result "0-1"]
[WhiteElo "2129"]
[BlackElo "1927"]
[PlyCount "38"]
[EventDate "2011.01.29"]
[EventType "swiss"]
[EventRounds "9"]
[EventCountry "RUS"]
[SourceTitle "EXT 2022"]
[Source "ChessBase"]
[SourceDate "2021.10.06"]
[SourceVersion "1"]
[SourceVersionDate "2021.10.06"]
[SourceQuality "1"]

1. Nf3 Nf6 2. c4 g6 3. g3 Bg7 4. Bg2 0-0 5. d4 d6 6. Nc3 Nbd7 7. 0-0 e5 8. e4 a6 9. h3 b5 10. cxb5 axb5 11. Qc2 b4 12. Ne2 Bb7 13. d5 Nc5 14. Bg5 Ncxe4 15. Be3 Bxd5 16. Rfd1 Ra5 17. Ne1 Qa8 18. Qxc7 Rc8 19. Qe7 Bf8 0-1

[Event "Moscow op-E"]
[Site "Moscow"]
[Date "2011.01.31"]
[Round "3.64"]
[White "Ponomarenko, Valery"]
[Black "Barbosa, Oliver"]
[Result "0-1"]
[WhiteElo "2129"]
[BlackElo "2461"]
[PlyCount "56"]
[EventDate "2011.01.29"]
[EventType "swiss"]
[EventRounds "9"]
[EventCountry "RUS"]
[SourceTitle "EXT 2022"]
[Source "ChessBase"]
[SourceDate "2021.10.06"]
[SourceVersion "1"]
[SourceVersionDate "2021.10.06"]
[SourceQuality "1"]

1. Nf3 d5 2. d4 Nf6 3. c4 c6 4. Nc3 dxc4 5. e4 b5 6. e5 Nd5 7. Be2 e6 8. 0-0 h6 9. Kh1 Bb7 10. Ne1 Nd7 11. Bd2 a6 12. Ne4 c5 13. Nxc5 Nxc5 14. dxc5 Bxc5 15. Qc1 Qb6 16. f4 Ne3 17. Bxe3 Bxe3 18. Qc2 Rd8 19. Rd1 Rxd1 20. Qxd1 0-0 21. Bf3 Rd8 22. Qb1 g6 23. Be4 Bxe4 24. Qxe4 Rd1 25. Qf3 Qd4 26. Nc2 Rxf1+ 27. Qxf1 Qxf4 28. Qe2 Bd4 0-1

[Event "Moscow op-E"]
[Site "Moscow"]
[Date "2011.01.30"]
[Round "2.148"]
[White "Chernukhin, Alexander"]
[Black "Ponomarenko, Valery"]
[Result "0-1"]
[WhiteElo "2018"]
[BlackElo "2129"]
[PlyCount "108"]
[EventDate "2011.01.29"]
[EventType "swiss"]
[EventRounds "9"]
[EventCountry "RUS"]
[SourceTitle "EXT 2022"]
[Source "ChessBase"]
[SourceDate "2021.10.06"]
[SourceVersion "1"]
[SourceVersionDate "2021.10.06"]
[SourceQuality "1"]

1. d4 g6 2. c4 Bg7 3. Nc3 c5 4. e3 cxd4 5. exd4 Nc6 6. Nf3 d6 7. d5 Ne5 8. Be3 Nh6 9. Nxe5 dxe5 10. c5 0-0 11. Bc4 Nf5 12. Qd2 Bd7 13. 0-0 Rc8 14. b4 Re8 15. Rad1 a6 16. a4 Nd4 17. f4 Nf5 18. Bf2 exf4 19. Bb3 Qc7 20. Ne4 e5 21. Qa2 Rf8 22. Ng5 Qd8 23. Ne6 Qe7 24. Nxf8 Rxf8 25. Qc2 e4 26. c6 e3 27. cxd7 e2 28. Bc5 exf1Q+ 29. Rxf1 Bd4+ 30. Kh1 Qe5 31. Bxd4 Nxd4 32. Qc5 Rd8 33. Bd1 Kg7 34. Qc8 Qe7 35. Qxb7 Rxd7 36. Qxa6 Rxd5 37. Qc4 Qd6 38. Qc3 f6 39. Bf3 Nxf3 40. Qxf3 Rd4 41. Qb7+ Kh6 42. h3 Rxb4 43. Qa8 g5 44. Qe8 Rd4 45. a5 f3 46. Qa8 Rd5 47. a6 fxg2+ 48. Kxg2 Ra5 49. a7 Qe7 50. Qc6 Ra2+ 51. Rf2 Rxf2+ 52. Kxf2 Qxa7+ 53. Kf3 Qa3+ 54. Ke4 Qe7+ 0-1